000 01343nam a2200253Ia 4500
003 CO-CtgCURN
005 20250408190353.0
008 190723s9999 xx 000 0 und d
020 _a9586532801
040 _aCO-CtgCURN
_bspa
_ccoctgcurn
082 _a345.026
_bG643d
100 _aGonzález Mongui, Pablo Elias
245 0 _aDerecho penal en las relaciones laborales públicas y privadas /
_cPablo Elias González Mongui
260 _aBogotá, Colombia :
_bLegis,
_c2001
300 _a252 páginas ;
_c23 centímetros
504 _aIncluye referencias bibliográficas (p. 249-252)
505 _a1. Antecedentes historicos del derecho penal en las relaciones laborales -- 2. protección constitucional al trabajo -- 3. Derecho penal del trabajo. Significado y alcance -- 4. Delitos contra la libertad de trabajo y asociacion. Inviolabilidad del lugar de trabajo -- 5. Los servidores públicos -- 6. Aspectos penales en la legislacion laboral colombiana -- 7. La detencion preventiva y el arresto correccional como causales de suspension o terminacion de la relacion laboral
521 _aAREA PROFESIONAL
590 _aPrograma de Derecho_18
650 _aDerecho laboral
650 _aDerecho penal
942 _cBK
_h345.026
_iG643d
_2ddc
_n0
999 _c28832
_d28832